000 03105nam0a2200457 4500
001 RU\NLR\bibl\2055151
005 20260408103947.0
010 _a978-5-4343-0240-1
_9200
021 _aRU
_b2013-48413
_93352
035 _a(nilc)RuMoRGB-006595831
035 _a(NLR Aleph) 002042080
090 _a4600913
_c4600913
100 _a20130624d2012 |||y0rusy50 ca
101 0 _arus
_aeng
102 _aRU
105 _ay|||z|||000yy
200 1 _aЧичеринские чтения Государственный суверенитет в системе многосторонних мирополитических связей
_dChicherin readings State sovereignty in the system of multilateral world politics relations
_eматериалы международной научной конференции, 21-23 ноября 2012 г.
_f[редкол.: д.ист.н., проф. В. В. Романов (отв. ред.) и др.]
_zeng
210 _aТамбов
_cТРОО "Бизнес-Наука-Общество"
_d2012
215 _a312 с.
_cил.
_d21
300 _aЗагл. корешка: Чичеринские чтения
300 _aВ надзаг.: Администрация Тамбовской обл.,М-во образования и науки Рос. Федерации, Федер. гос. бюджет. образоват. учреждение высш. проф. образования "Тамб. гос. ун-т им. Г.Р. Державина", Дом-музей Г.В. Чичерина
300 _aТекст рус., англ.
320 _aБиблиогр. в примеч. в конце ст.
510 1 _aChicherin readings State sovereignty in the system of multilateral world politics relations
_zeng
517 1 _aГосударственный суверенитет в системе многосторонних мирополитических связей
517 1 _aState sovereignty in the system of multilateral world politics relations
_zeng
606 1 _aСуверенитет в государственном праве
_jСъезды, совещания и т.п.
_91738102
_3RU\NLR\AUTH\66777482
686 1 _aХ910.11я431
686 1 _aФ3(2)1я431
702 1 _4340
_7ca
_8rus
_aРоманов
_bВ. В.
_cисторик
_f1929-2011
_gВалентин Викторович
_910289
_3RU\NLR\AUTH\7727252
702 1 _4570
_7ca
_8rus
_aЧичерин
_bГ. В.
_f1872-1936
_gГеоргий Васильевич
_9170282
_3RU\NLR\AUTH\770170332
711 1 2 _aЧичеринские чтения
_eТамбов
_f2012
_9372761
_3RU\NLR\AUTH\8810243475
801 0 _aRU
_bRuMoRKP
_c20130624
_gRCR
801 2 _aRU
_bРГБ
_c20130710
_grcr
801 1 _aRU
_bRuMoRKP
_c20130624
_2rusmarc
801 2 _aRU
_bNLR
_c20130718
_grcr
942 _cBOOK
980 _aNBR
980 _aNB